| 000 | 00742nac a22001931u 4500 | ||
|---|---|---|---|
| 010 | _a 2003054179 | ||
| 082 | 0 | 0 |
_a658.7 _bA752 |
| 090 |
_c4068 _d4068 |
||
| 100 | _aArnold, J. R. Tony, | ||
| 245 | 1 | 0 |
_aIntroduction to materials management / _cJ.R. Tony Arnold, Stephen N. Chapman. |
| 250 | _a5th ed. | ||
| 260 |
_aUpper Saddle River, N.J. : _bPearson Prentice Hall,2004 _c2004. |
||
| 300 |
_axi, 468 p. : _bill. ; _c24 cm. |
||
| 504 | _aIncludes bibliographical references (p. 458-462) and index. | ||
| 650 | 0 | _aMaterials management. | |
| 700 | 1 | _aChapman, Stephen N. | |
| 942 |
_cBB _k658.7A752 |
||
| 999 |
_c4068 _d4068 |
||